000 00914nam a2200277Ia 4500
003 OSt
005 20221006141938.0
006 a|||||r|||| 00| 0
007 ta
008 221006b |||||||| |||| 00| 0 eng d
020 _a9780521665742
_cP15.95
024 _a4,736
037 _b012, 27/05/2002, Dhanraj Book House
_cTextual
040 _aEASL
_cEASL
_beng
041 _2eng
_aeng
082 _aV42:1(G:55).N9, N8
100 _aBROADBENT Jeffrey
_9646565
245 0 _aEnvironmental politics in Japan
_b Networks of power and protest
260 _aCambridge
_bCambridge University Press
_c1998
300 _a418p.
_ccm.
490 _v JEL
_aAdvance Praise for Environmental Politics in Japan
650 _a Environment
650 _aPolitics
_9265771
942 _hV42:1(G:55).N9, N8
_cTEXL
_2CC
999 _c1072822
_d1072822